THE BHAGAVAD GITA (35/2) (Record no. 378324)

MARC details
000 -LEADER
fixed length control field 00417nam a2200157Ia 4500
008 - FIXED-LENGTH DATA ELEMENTS--GENERAL INFORMATION
fixed length control field 100122s9999 xx 000 0 und d
082 ## - DEWEY DECIMAL CLASSIFICATION NUMBER
Item number 61406
Classification number 294.5924
100 ## - MAIN ENTRY--PERSONAL NAME
Personal name YOGANANDA PARAMAHANSA
245 ## - TITLE STATEMENT
Title THE BHAGAVAD GITA (35/2)
250 ## - EDITION STATEMENT
Edition statement 1
260 ## - PUBLICATION, DISTRIBUTION, ETC. (IMPRINT)
Name of publisher, distributor, etc YOGODA SATSANGA SOCIETY OF INDIA
Date of publication, distribution, etc 2002
300 ## - PHYSICAL DESCRIPTION
Extent 579
630 ## - SUBJECT ADDED ENTRY--UNIFORM TITLE
Uniform title THE BHAGAVAD GITA (35/2)
730 ## - ADDED ENTRY--UNIFORM TITLE
Uniform title THE BHAGAVAD GITA (35/2)
942 ## - ADDED ENTRY ELEMENTS (KOHA)
Koha item type Book
Holdings
Withdrawn status Lost status Damaged status Not for loan Home library Current library Shelving location Date acquired Cost, normal purchase price Total Checkouts Full call number Barcode Date last seen Cost, replacement price Price effective from Koha item type Public note
        S.V. Pathak Library, Vile Parle S.V. Pathak Library, Vile Parle   03/31/2008 595.00   61406 SVPPARLE-61406 01/25/2010 595.00 01/25/2010 Book ", , General, NA"